[Event "48th Bosna it"]
[Site "Sarajevo BIH"]
[Date "2018.05.06"]
[Round "2.41"]
[White "Strinic, Hamdija"]
[Black "Halilovic, Fahrudin"]
[Result "0-1"]
[WhiteElo "1747"]
[BlackElo "2035"]
[EventDate "2018.05.05"]
[PlyCount "78"]

1.e4 e5 2.Nf3 Nc6 3.Nc3 Nf6 4.Bb5 Bc5 5.h3 d6 6.a3 a6 7.Ba4 O-O 8.d3 Nd4 
9.Be3 b5 10.Bb3 Nxb3 11.cxb3 Bxe3 12.fxe3 c5 13.O-O Bb7 14.Qe1 Rc8 15.Qh4 
h6 16.Rae1 b4 17.Ne2 bxa3 18.bxa3 Qb6 19.Ng3 Qd8 20.Nf5 Kh8 21.Nxh6 gxh6 
22.Qxh6+ Nh7 23.h4 Qf6 24.Qxf6+ Nxf6 25.Ng5 Kg7 26.Rf3 Nh7 27.Nh3 Rb8 28.
Rg3+ Kh8 29.Rf3 Bc8 30.Rb1 a5 31.Ng5 Nxg5 32.hxg5 Be6 33.Kf2 Rxb3 34.Rh1+ 
Kg7 35.Rf6 Rxd3 36.Rf1 Rd2+ 37.Kg3 c4 38.Rb1 c3 39.Rb7 c2 0-1

[Event "48th Bosna it"]
[Site "Sarajevo BIH"]
[Date "2018.05.06"]
[Round "2.42"]
[White "Salkic, Mahir"]
[Black "Grubauer, Gerhard"]
[Result "1-0"]
[WhiteElo "2033"]
[BlackElo "1655"]
[EventDate "2018.05.05"]
[PlyCount "67"]

1.d4 d5 2.Nf3 Nf6 3.c4 Bg4 4.cxd5 Nxd5 5.e4 Nf6 6.Nc3 e6 7.Be3 Bb4 8.Qa4+ 
Nc6 9.Ne5 O-O 10.Nxc6 Bxc3+ 11.bxc3 bxc6 12.f3 Bh5 13.Qxc6 Rb8 14.Bc4 Rb6 
15.Qc5 Bg6 16.O-O Nd7 17.Qa3 Rc6 18.Bb5 Rb6 19.Qa4 Nb8 20.d5 a6 21.Bc4 Rb7
22.dxe6 fxe6 23.Bxe6+ Bf7 24.Bxf7+ Rxf7 25.Rfd1 Qf6 26.Qc4 Rb2 27.e5 Rxg2+
28.Kh1 Rxh2+ 29.Kxh2 Qxe5+ 30.Kg2 Qf6 31.Qe4 Nc6 32.Bd4 Nxd4 33.Rxd4 g6 
34.Rad1 1-0

[Event "48th Bosna it"]
[Site "Sarajevo BIH"]
[Date "2018.05.06"]
[Round "2.43"]
[White "Comor, Harun"]
[Black "Tarun, Kanyamarala"]
[Result "1-0"]
[WhiteElo "1712"]
[BlackElo "2006"]
[EventDate "2018.05.05"]
[PlyCount "109"]

1.e4 c6 2.d4 d5 3.Nc3 dxe4 4.Nxe4 Bf5 5.Ng3 Bg6 6.h4 h6 7.Nf3 e6 8.h5 Bh7 
9.Bd3 Bxd3 10.Qxd3 Nf6 11.Bd2 Be7 12.O-O-O O-O 13.Kb1 c5 14.Ne4 Nc6 15.
Nxf6+ Bxf6 16.Bc3 cxd4 17.Nxd4 Bxd4 18.Bxd4 e5 19.Be3 Qxd3 20.Rxd3 Rad8 
21.Rhd1 f6 22.f3 Kf7 23.Kc1 Ke6 24.Rxd8 Rxd8 25.Rxd8 Nxd8 26.Kd2 Nc6 27.
Kd3 Kd5 28.Bd2 b5 29.b3 b4 30.c4+ bxc3 31.Bxc3 Nd8 32.Bb4 Ne6 33.g4 Nd4 
34.Bf8 Nxf3 35.Bxg7 Nh2 36.g5 fxg5 37.Bxh6 e4+ 38.Ke2 Nf3 39.Bg7 g4 40.h6 
Ng5 41.Bf6 Nh7 42.Bh4 Ke5 43.Ke3 Nf8 44.a4 Nh7 45.b4 Kd5 46.b5 Kc4 47.Kxe4
Kb4 48.Kf5 Kxa4 49.Kg6 Nf8+ 50.Kf7 Nh7 51.Kg7 g3 52.Kxh7 g2 53.Bf2 Kxb5 
54.Kg8 Kc4 55.h7 1-0

[Event "48th Bosna it"]
[Site "Sarajevo BIH"]
[Date "2018.05.06"]
[Round "2.44"]
[White "Ababneh, Ghayth"]
[Black "Bies, Brian"]
[Result "1-0"]
[WhiteElo "2006"]
[BlackElo "1610"]
[EventDate "2018.05.05"]
[PlyCount "53"]

1.e4 d5 2.exd5 Qxd5 3.Nc3 Qa5 4.d4 Nf6 5.Nf3 Bg4 6.h3 Bf5 7.Ne5 Nbd7 8.Nc4
Qa6 9.Bf4 Qe6+ 10.Be2 c6 11.O-O g5 12.Bh2 Ne4 13.Nxe4 Bxe4 14.Re1 O-O-O 
15.Bd3 f5 16.f3 Nf6 17.fxe4 fxe4 18.Be2 h5 19.c3 Bg7 20.Qa4 Nd5 21.Qxa7 
Nf4 22.Nb6+ Kc7 23.Qa5 Kb8 24.Qxg5 Bh6 25.Bxf4+ Rd6 26.Bxd6+ exd6 27.Qxh5 
1-0

[Event "48th Bosna it"]
[Site "Sarajevo BIH"]
[Date "2018.05.06"]
[Round "2.45"]
[White "Hamzic, Adil"]
[Black "Kajevic, Dzevad"]
[Result "1/2-1/2"]
[WhiteElo "1688"]
[BlackElo "1979"]
[EventDate "2018.05.05"]
[PlyCount "71"]

1.e4 e5 2.Nf3 Nc6 3.Bb5 d6 4.O-O Bg4 5.c3 Qf6 6.Be2 Nge7 7.h3 Bxf3 8.Bxf3 
g6 9.d3 h5 10.g3 Bh6 11.Bg2 h4 12.Bxh6 Rxh6 13.Qd2 g5 14.b4 a6 15.Na3 b5 
16.Nc2 Rd8 17.Ne3 Qg6 18.a4 Kf8 19.axb5 axb5 20.Nf5 Rh8 21.g4 Qf6 22.Ra3 
Ng6 23.Rfa1 Kg8 24.Ra6 Nb8 25.Ra7 Rd7 26.Rb7 Kh7 27.Ra8 Nc6 28.Rxh8+ Kxh8 
29.Rxb5 Nf4 30.Bf1 Qd8 31.Qa2 Ne6 32.Qa6 Ne7 33.Qa4 Ng6 34.Ra5 Qe8 35.Ra8 
Nd8 36.Ra7 1/2-1/2

[Event "48th Bosna it"]
[Site "Sarajevo BIH"]
[Date "2018.05.06"]
[Round "2.46"]
[White "Mattersberger, Melanie"]
[Black "Dedic, Nedzad"]
[Result "0-1"]
[WhiteElo "1680"]
[BlackElo "1973"]
[EventDate "2018.05.05"]
[PlyCount "106"]

1.e4 e5 2.Nf3 d6 3.d4 exd4 4.Nxd4 Nf6 5.Nc3 Bd7 6.Be2 Nc6 7.O-O a6 8.Re1 
Be7 9.Bf4 O-O 10.Bf3 Re8 11.Nd5 Ne5 12.c3 h6 13.Qc2 c5 14.Bxe5 dxe5 15.Ne2
Nxd5 16.exd5 Bd6 17.c4 f5 18.Bh5 Rf8 19.Ng3 Qh4 20.Qe2 Kh7 21.Qc2 g6 22.
Be2 h5 23.b3 Qf6 24.Qc3 h4 25.Nf1 Kg7 26.h3 b5 27.Ne3 b4 28.Qb2 a5 29.Bd3 
a4 30.Rf1 Ra7 31.f3 Rfa8 32.Kh1 Kg8 33.Nc2 Bf8 34.f4 Bg7 35.fxe5 Qxe5 36.
Qxe5 Bxe5 37.Rae1 Bg3 38.Re7 axb3 39.axb3 Bd6 40.Ree1 Kg7 41.Ra1 Be5 42.
Rxa7 Rxa7 43.Re1 Kf6 44.Kg1 Bc3 45.Rf1 Ra2 46.Rb1 f4 47.Kf1 f3 48.Ne3 
fxg2+ 49.Nxg2 Bxh3 50.Be4 Bd4 51.Rd1 Ke5 52.Rd3 Bxg2+ 53.Bxg2 Rf2+ 0-1

[Event "48th Bosna it"]
[Site "Sarajevo BIH"]
[Date "2018.05.06"]
[Round "2.47"]
[White "Korjenic, Esef"]
[Black "Musinovic, Mirsad"]
[Result "1-0"]
[WhiteElo "1939"]
[BlackElo "1561"]
[EventDate "2018.05.05"]
[PlyCount "77"]

1.e4 d6 2.Nf3 Nf6 3.Nc3 g6 4.d4 Bg7 5.h3 O-O 6.Be3 Nc6 7.Qd2 e5 8.d5 Ne7 
9.Be2 Bd7 10.O-O-O b5 11.Bd3 b4 12.Ne2 Ne8 13.Qxb4 f5 14.Bd2 Nf6 15.Nc3 
fxe4 16.Bxe4 a5 17.Qc4 Kh8 18.Rhe1 Rb8 19.a3 Rb7 20.Bg5 Qb8 21.b3 Rc8 22.
Qd3 c5 23.dxc6 Bxc6 24.Bxf6 Bxf6 25.Qxd6 Kg7 26.Qxb8 Rbxb8 27.Rd3 Nf5 28.
Bxc6 Rxc6 29.Nxe5 Re6 30.f4 g5 31.g3 h5 32.Nf3 Rc6 33.Ne4 gxf4 34.gxf4 
Rbc8 35.Re2 Be7 36.Kb2 Bd8 37.Ne5 Re6 38.Rg2+ Kh6 39.Nf7+ 1-0

[Event "48th Bosna it"]
[Site "Sarajevo BIH"]
[Date "2018.05.06"]
[Round "2.48"]
[White "Selimovic, Amir"]
[Black "Mahmutagic, Mevilda"]
[Result "1-0"]
[WhiteElo "1932"]
[BlackElo "1538"]
[EventDate "2018.05.05"]
[PlyCount "29"]

1.e4 c5 2.Nc3 d6 3.f4 e5 4.fxe5 dxe5 5.Nf3 Nc6 6.Bc4 Nf6 7.d3 h6 8.O-O Be7
9.Nh4 Bg4 10.Bxf7+ Kxf7 11.Qxg4 Rh7 12.Nd5 Kg8 13.Qe6+ Kf8 14.Ng6+ Ke8 15.
Nxf6+ 1-0

[Event "48th Bosna it"]
[Site "Sarajevo BIH"]
[Date "2018.05.06"]
[Round "2.49"]
[White "Herega, Nejc"]
[Black "Colpa, Husein"]
[Result "1-0"]
[WhiteElo "1600"]
[BlackElo "1922"]
[EventDate "2018.05.05"]
[PlyCount "43"]

1.d4 Nf6 2.c4 g6 3.Nc3 d6 4.e4 Bg7 5.Bg5 h6 6.Bh4 O-O 7.Be2 c6 8.Nf3 Qc7 
9.Qd2 e5 10.dxe5 dxe5 11.Bxf6 Bxf6 12.Qxh6 Qe7 13.h4 Bg4 14.Ng5 Rd8 15.
Bxg4 Bg7 16.Qh7+ Kf8 17.Nf3 Qf6 18.h5 Ke7 19.h6 Bxh6 20.Qxh6 Rg8 21.Qg5 
Qxg5 22.Nxg5 1-0

[Event "48th Bosna it"]
[Site "Sarajevo BIH"]
[Date "2018.05.06"]
[Round "2.50"]
[White "Stankovic, Dragan"]
[Black "Kabadayi, Suleyman Arda"]
[Result "1/2-1/2"]
[WhiteElo "1919"]
[BlackElo "1514"]
[EventDate "2018.05.05"]
[PlyCount "40"]

1.e4 c5 2.Nf3 d6 3.d4 cxd4 4.Nxd4 Nf6 5.Nc3 a6 6.a3 e5 7.Nb3 Be6 8.Bg5 Be7
9.Bxf6 Bxf6 10.Nd5 Nd7 11.Be2 O-O 12.O-O Rc8 13.c4 Bg5 14.Bf3 Bxd5 15.cxd5
Nc5 16.Nxc5 Rxc5 17.g3 Qb6 18.Rb1 Rfc8 19.Kg2 g6 20.h4 Bh6 1/2-1/2

[Event "48th Bosna it"]
[Site "Sarajevo BIH"]
[Date "2018.05.06"]
[Round "2.51"]
[White "Alispahic, Armin"]
[Black "Zenelaj, Fisnik"]
[Result "0-1"]
[WhiteElo "1549"]
[BlackElo "1909"]
[EventDate "2018.05.05"]
[PlyCount "20"]

1.f4 e5 2.e4 d5 3.fxe5 Qh4+ 4.g3 Qxe4+ 5.Qe2 Qxh1 6.Nf3 Bh3 7.Nc3 Bxf1 8.
Qe3 Bh3+ 9.Ng1 Nc6 10.a3 d4 0-1

[Event "48th Bosna it"]
[Site "Sarajevo BIH"]
[Date "2018.05.06"]
[Round "2.52"]
[White "Vujicic, Dragisa"]
[Black "Tutic, Amina"]
[Result "1-0"]
[WhiteElo "1900"]
[BlackElo "1439"]
[EventDate "2018.05.05"]
[PlyCount "79"]

1.e4 c5 2.Nf3 Nc6 3.d4 cxd4 4.Nxd4 Nf6 5.Nc3 e6 6.Nxc6 bxc6 7.e5 Nd5 8.
Nxd5 cxd5 9.Bd3 d6 10.exd6 Qxd6 11.O-O g6 12.Qf3 Bg7 13.Bb5+ Bd7 14.Bxd7+ 
Qxd7 15.c4 O-O 16.cxd5 exd5 17.Rb1 Rfe8 18.b3 Qe6 19.Bb2 d4 20.Rfd1 Qe4 
21.Qxe4 Rxe4 22.Kf1 Rae8 23.Re1 Rxe1+ 24.Rxe1 Rxe1+ 25.Kxe1 Be5 26.Kd2 Kg7
27.Kd3 Kh6 28.Bxd4 Bb8 29.Ke4 Kg5 30.Be5 f5+ 31.Kd5 Bxe5 32.Kxe5 h5 33.b4 
Kg4 34.f3+ Kh4 35.b5 g5 36.Kxf5 a5 37.b6 a4 38.b7 a3 39.b8=Q g4 40.Qg3# 
1-0

[Event "48th Bosna it"]
[Site "Sarajevo BIH"]
[Date "2018.05.06"]
[Round "2.53"]
[White "Fejzic, Danis"]
[Black "Taylor, Robert Graham"]
[Result "0-1"]
[WhiteElo "1460"]
[BlackElo "1889"]
[EventDate "2018.05.05"]
[PlyCount "60"]

1.e4 c5 2.Nf3 e6 3.d4 cxd4 4.Nxd4 Nc6 5.Nc3 Qc7 6.Be2 a6 7.a4 Nf6 8.Be3 
Bb4 9.f3 O-O 10.O-O d6 11.Nb3 Na5 12.Nxa5 Bxa5 13.Qd2 Bb6 14.Kh1 Bxe3 15.
Qxe3 Bd7 16.Rad1 Bc6 17.Qf4 Rfd8 18.g4 Qb6 19.b3 Qb4 20.Qd2 Rac8 21.Qd4 
Qa5 22.b4 Qc7 23.Rd3 d5 24.exd5 Nxd5 25.Nxd5 Rxd5 26.Qa1 Rxd3 27.cxd3 Qf4 
28.Qa3 Bd5 29.b5 Rc2 30.Bd1 Qxh2# 0-1

[Event "48th Bosna it"]
[Site "Sarajevo BIH"]
[Date "2018.05.06"]
[Round "3.1"]
[White "Radovanovic, Nikola"]
[Black "Predke, Alexandr"]
[Result "0-1"]
[WhiteElo "2438"]
[BlackElo "2603"]
[EventDate "2018.05.05"]
[PlyCount "88"]

1.e4 e5 2.Nf3 Nc6 3.Bc4 Bc5 4.O-O Nf6 5.d3 a6 6.a4 d6 7.c3 Ba7 8.Nbd2 Nh5 
9.Re1 Qf6 10.Nf1 Bg4 11.Be3 Nf4 12.Bxf4 Qxf4 13.Ne3 Bxf3 14.Qxf3 Qxf3 15.
gxf3 Ne7 16.Nd5 Nxd5 17.Bxd5 Rb8 18.Rad1 c6 19.Ba2 b5 20.axb5 axb5 21.Ra1 
Bb6 22.Bb3 Rf8 23.Kg2 Kd7 24.f4 f5 25.fxe5 dxe5 26.f3 Rf6 27.exf5 Rxf5 28.
Re4 Rbf8 29.Rf1 R8f6 30.Rg4 g6 31.Bd1 Be3 32.Rh4 Rf7 33.Bb3 Rg7 34.Ra1 Kd6
35.Re4 Bf4 36.Re2 Rh5 37.Kh1 Rh3 38.Rf1 g5 39.d4 exd4 40.cxd4 Re7 41.Ref2 
Re3 42.Bc2 Rexf3 43.Rxf3 Rxh2+ 44.Kg1 Rxc2 0-1

[Event "48th Bosna it"]
[Site "Sarajevo BIH"]
[Date "2018.05.06"]
[Round "3.2"]
[White "Brkic, Ante"]
[Black "Krishna, C. R. G."]
[Result "1-0"]
[WhiteElo "2598"]
[BlackElo "2416"]
[EventDate "2018.05.05"]
[PlyCount "67"]

1.e4 e6 2.d4 d5 3.Nc3 Bb4 4.e5 Ne7 5.a3 Bxc3+ 6.bxc3 c5 7.Qg4 cxd4 8.Qxg7 
Rg8 9.Qxh7 Qc7 10.Ne2 dxc3 11.f4 Nbc6 12.h4 Bd7 13.h5 O-O-O 14.Qd3 Nf5 15.
Rb1 d4 16.Rg1 Nh6 17.Nxd4 Nxd4 18.Qxd4 Bb5 19.Qxa7 Bxf1 20.Rxf1 Qc6 21.Rb3
Rxg2 22.Qa8+ Kc7 23.Qa5+ Kd7 24.Rxc3 Qe4+ 25.Be3 Ke8 26.Qb5+ Kf8 27.Qb4+ 
Qxb4 28.axb4 Ra8 29.Rf2 Rg1+ 30.Kd2 Nf5 31.Rh2 Rg4 32.h6 Kg8 33.Rc7 Rg3 
34.Bc5 1-0

[Event "48th Bosna it"]
[Site "Sarajevo BIH"]
[Date "2018.05.06"]
[Round "3.3"]
[White "Ivic, Velimir"]
[Black "Kozul, Zdenko"]
[Result "1/2-1/2"]
[WhiteElo "2405"]
[BlackElo "2597"]
[EventDate "2018.05.05"]
[PlyCount "81"]

1.e4 c5 2.Nf3 d6 3.d4 cxd4 4.Nxd4 Nf6 5.Nc3 Nc6 6.Bg5 e6 7.Qd2 a6 8.O-O-O 
Bd7 9.f3 b5 10.Nxc6 Bxc6 11.g4 Rc8 12.Kb1 Be7 13.a3 O-O 14.h4 Qc7 15.Bd3 
Qb7 16.Ne2 d5 17.e5 Ne4 18.Qe3 Bc5 19.Nd4 f6 20.Bf4 Bxd4 21.Qxd4 fxe5 22.
Qxe5 Nf2 23.h5 Rxf4 24.Qxf4 Qe7 25.h6 g6 26.Qe5 Rf8 27.g5 Be8 28.f4 Bd7 
29.Rhf1 Nxd1 30.Rxd1 Rf7 31.Rf1 Bc8 32.b4 Qc7 33.Qxc7 Rxc7 34.Kc1 Kf7 35.
Kd2 Bd7 36.Ke3 Ke7 37.Kd4 Kd6 38.Ra1 Rc8 39.Rb1 Ra8 40.c3 Be8 41.Re1 
1/2-1/2

[Event "48th Bosna it"]
[Site "Sarajevo BIH"]
[Date "2018.05.06"]
[Round "3.4"]
[White "Can, Emre"]
[Black "Marjanovic, Dejan"]
[Result "1/2-1/2"]
[WhiteElo "2596"]
[BlackElo "2391"]
[EventDate "2018.05.05"]
[PlyCount "31"]

1.d4 Nf6 2.c4 e6 3.g3 d5 4.Bg2 Bb4+ 5.Nd2 O-O 6.Nf3 b6 7.O-O Bb7 8.b3 c5 
9.Bb2 Nbd7 10.Rc1 Qe7 11.a3 Bxd2 12.Qxd2 dxc4 13.bxc4 cxd4 14.Qxd4 Rfd8 
15.Qh4 Rac8 16.Rfd1 1/2-1/2

[Event "48th Bosna it"]
[Site "Sarajevo BIH"]
[Date "2018.05.06"]
[Round "3.5"]
[White "Djukic, Nikola"]
[Black "Nestorovic, Lazar"]
[Result "1-0"]
[WhiteElo "2556"]
[BlackElo "2370"]
[EventDate "2018.05.05"]
[PlyCount "69"]

1.e4 c5 2.Nf3 d6 3.d4 cxd4 4.Nxd4 Nf6 5.Nc3 a6 6.g3 Bg4 7.f3 Bd7 8.Be3 h5 
9.Qd2 e6 10.O-O-O Nc6 11.Bd3 Qc7 12.h3 Ne5 13.g4 h4 14.Kb1 b5 15.Qf2 g6 
16.g5 Nh5 17.Qxh4 Nxd3 18.cxd3 b4 19.Nce2 Bg7 20.Qf2 a5 21.f4 e5 22.Rc1 
Qb8 23.fxe5 dxe5 24.Nb3 O-O 25.Ng3 Nf4 26.Nc5 Bb5 27.h4 Nxd3 28.Nxd3 Bxd3+
29.Ka1 Rc8 30.h5 Rxc1+ 31.Rxc1 Qb7 32.h6 Bh8 33.h7+ Kf8 34.Qf6 Bxf6 35.
gxf6 1-0

[Event "48th Bosna it"]
[Site "Sarajevo BIH"]
[Date "2018.05.06"]
[Round "3.6"]
[White "Diermair, Andreas"]
[Black "Bistric, Faruk"]
[Result "1-0"]
[WhiteElo "2504"]
[BlackElo "2346"]
[EventDate "2018.05.05"]
[PlyCount "85"]

1.d4 Nf6 2.c4 c5 3.d5 e5 4.Nc3 d6 5.e4 Nbd7 6.g3 g6 7.Bg2 Bg7 8.Nge2 O-O 
9.h3 Ne8 10.g4 Kh8 11.g5 f5 12.h4 f4 13.Qd3 h5 14.gxh6 Bxh6 15.Bd2 Rf7 16.
O-O-O Nf8 17.Bh3 Nf6 18.Ng1 a6 19.Bxc8 Rxc8 20.Nf3 Qe8 21.a4 b6 22.Kc2 
Rcc7 23.Ra1 Rb7 24.Qf1 Rh7 25.Qh3 b5 26.axb5 axb5 27.cxb5 Rxb5 28.Nxb5 
Qxb5 29.Qf1 c4 30.Qe2 Rc7 31.Bc3 N8d7 32.Nd2 f3 33.Qxf3 Kg7 34.Ra5 Qb6 35.
Ra3 Bxd2 36.Bxd2 Rb7 37.Bc3 Nc5 38.h5 Ncxe4 39.Rg1 Nxh5 40.Rxg6+ Kxg6 41.
Qxe4+ Kf7 42.Qf5+ Nf6 43.Ra1 1-0

[Event "48th Bosna it"]
[Site "Sarajevo BIH"]
[Date "2018.05.06"]
[Round "3.7"]
[White "Manea, Alexandru"]
[Black "Kadric, Denis"]
[Result "0-1"]
[WhiteElo "2402"]
[BlackElo "2500"]
[EventDate "2018.05.05"]
[PlyCount "80"]

1.e4 d6 2.d4 Nf6 3.f3 c5 4.Ne2 cxd4 5.Nxd4 e5 6.Nb3 Be6 7.Nc3 Be7 8.Be3 
O-O 9.Qd2 a5 10.Bb5 Na6 11.Qf2 Nc7 12.Bb6 d5 13.exd5 Nfxd5 14.Nxd5 Qxd5 
15.c4 Bb4+ 16.Ke2 Qd8 17.Qe3 Qc8 18.Rhc1 Nxb5 19.cxb5 Qe8 20.a4 e4 21.Nd4 
f5 22.Kf2 Bd5 23.f4 Qe7 24.Kg1 g6 25.Nc2 Bd6 26.Rd1 Bf7 27.Rac1 Rfc8 28.g3
Bc5 29.Bxc5 Rxc5 30.Nd4 Rxc1 31.Rxc1 Rd8 32.Rd1 Qb4 33.Rd2 Rc8 34.g4 fxg4 
35.f5 Rd8 36.Kg2 Qc5 37.Kg3 Qe5+ 38.Kxg4 Rd5 39.Kh3 gxf5 40.Ne2 Qg7 0-1

[Event "48th Bosna it"]
[Site "Sarajevo BIH"]
[Date "2018.05.06"]
[Round "3.8"]
[White "Stoyanov, Tsvetan"]
[Black "Schreiner, Peter"]
[Result "0-1"]
[WhiteElo "2373"]
[BlackElo "2473"]
[EventDate "2018.05.05"]
[PlyCount "84"]

1.e4 e5 2.Nf3 Nc6 3.Bc4 Nf6 4.d3 Be7 5.O-O O-O 6.Re1 d6 7.c3 Na5 8.Bb5 a6 
9.Ba4 c5 10.Nbd2 b5 11.Bc2 Nc6 12.Nf1 Re8 13.Ng3 h6 14.h3 Be6 15.d4 cxd4 
16.cxd4 exd4 17.Nxd4 Nxd4 18.Qxd4 Rc8 19.Bb3 d5 20.exd5 Bxd5 21.Bf4 Bxb3 
22.Qxd8 Rexd8 23.axb3 Bb4 24.Re2 Nd5 25.Bd2 Rd7 26.Bxb4 Nxb4 27.Nf5 Rc5 
28.Re8+ Kh7 29.Ne3 Rd3 30.Ra3 f5 31.Ra1 f4 32.Ng4 Rxb3 33.Rae1 Rxb2 34.
R1e6 Rc1+ 35.Kh2 Rbb1 36.g3 f3 37.Nf6+ gxf6 38.R6e7+ Kg6 39.g4 Kg5 40.Kg3 
Rg1+ 41.Kxf3 Rb3+ 42.Ke2 Nd5 0-1

[Event "48th Bosna it"]
[Site "Sarajevo BIH"]
[Date "2018.05.06"]
[Round "3.9"]
[White "Kalezic, Blazo"]
[Black "Sitnic, Adnan"]
[Result "1-0"]
[WhiteElo "2463"]
[BlackElo "2187"]
[EventDate "2018.05.05"]
[PlyCount "45"]

1.e4 Nc6 2.Nf3 d6 3.d4 Nf6 4.Nc3 Bg4 5.Be3 e6 6.h3 Bh5 7.d5 exd5 8.exd5 
Ne5 9.g4 Nxf3+ 10.Qxf3 Bg6 11.O-O-O Be7 12.h4 h6 13.Bd4 O-O 14.Qg2 c5 15.
dxc6 bxc6 16.f4 c5 17.Bxc5 Qa5 18.Bd4 Bh7 19.g5 Nh5 20.Nd5 Rae8 21.gxh6 f6
22.Be2 Qa4 23.Bxh5 1-0

[Event "48th Bosna it"]
[Site "Sarajevo BIH"]
[Date "2018.05.06"]
[Round "3.10"]
[White "Burovic, Rijad"]
[Black "Drasko, Milan"]
[Result "1-0"]
[WhiteElo "2331"]
[BlackElo "2449"]
[EventDate "2018.05.05"]
[PlyCount "120"]

1.e4 e6 2.d3 d5 3.Nd2 Nf6 4.Ngf3 b6 5.c3 Be7 6.Be2 O-O 7.O-O c5 8.Re1 Qc7 
9.e5 Nfd7 10.d4 cxd4 11.cxd4 Ba6 12.Nb1 Bxe2 13.Qxe2 Nc6 14.Nc3 a6 15.Bf4 
Rfc8 16.h4 Nf8 17.h5 h6 18.g4 Nh7 19.Rac1 Qd8 20.Bd2 b5 21.Qd3 Na5 22.b3 
Ba3 23.Rc2 Nc6 24.Nb1 Be7 25.a3 Na7 26.Rec1 Rxc2 27.Rxc2 Rc8 28.Be3 Rxc2 
29.Qxc2 Qc8 30.Qxc8+ Nxc8 31.Nfd2 Nb6 32.f4 Nf8 33.f5 Nfd7 34.Kf2 Nb8 35.
Ke2 Nc6 36.Nf3 Na5 37.Nfd2 Nc6 38.Kd3 Kh7 39.Nf3 Nd7 40.Bf2 Kg8 41.Bh4 Kf8
42.Bxe7+ Kxe7 43.Nh4 Nf8 44.Nd2 f6 45.Ndf3 fxe5 46.dxe5 Nd7 47.Ng6+ Ke8 
48.b4 exf5 49.gxf5 a5 50.bxa5 Nxa5 51.e6 Nf6 52.Nd4 Nxh5 53.Nxb5 Nf6 54.a4
Nc6 55.Nd4 Ne7 56.Nxe7 Kxe7 57.Nb5 Ne4 58.Kd4 g6 59.a5 Ng3 60.a6 Nxf5+ 1-0

[Event "48th Bosna it"]
[Site "Sarajevo BIH"]
[Date "2018.05.06"]
[Round "3.11"]
[White "Yilmaz, Mustafa"]
[Black "Subelj, Jan"]
[Result "1-0"]
[WhiteElo "2621"]
[BlackElo "2284"]
[EventDate "2018.05.05"]
[PlyCount "71"]

1.d4 Nf6 2.c4 e6 3.Nc3 Bb4 4.Bg5 h6 5.Bh4 c5 6.d5 d6 7.e3 g5 8.Bg3 Ne4 9.
Qc2 Qf6 10.Rc1 Bxc3+ 11.bxc3 Nxg3 12.hxg3 Nd7 13.dxe6 Qxe6 14.Nf3 g4 15.
Nh4 Ne5 16.Bd3 Nxd3+ 17.Qxd3 b6 18.Qd5 Qxd5 19.cxd5 Bd7 20.Kd2 b5 21.e4 
O-O-O 22.Rce1 Rde8 23.Re3 Re7 24.f3 Rhe8 25.Rhe1 a5 26.Kd3 b4 27.f4 Kc7 
28.e5 Kb6 29.e6 fxe6 30.Nf5 c4+ 31.Kc2 Ba4+ 32.Kb2 Rc7 33.Nxd6 Rd8 34.Rxe6
Kc5 35.Ne4+ Kxd5 36.Nf6+ 1-0

[Event "48th Bosna it"]
[Site "Sarajevo BIH"]
[Date "2018.05.06"]
[Round "3.12"]
[White "Hadzovic, Amir"]
[Black "Fier, Alexandr"]
[Result "0-1"]
[WhiteElo "2287"]
[BlackElo "2580"]
[EventDate "2018.05.05"]
[PlyCount "82"]

1.d4 Nf6 2.Bf4 c5 3.e3 e6 4.c3 Nc6 5.Be2 d5 6.Nd2 Bd6 7.Bxd6 Qxd6 8.f4 O-O
9.Nh3 Rb8 10.O-O b5 11.Bd3 b4 12.Nf3 bxc3 13.bxc3 cxd4 14.cxd4 Nb4 15.Bb1 
Ba6 16.Re1 h6 17.Nf2 Bb7 18.a3 Nc6 19.Ne5 Ne7 20.Qf3 Ba8 21.g4 Nd7 22.Nfd3
f6 23.Nxd7 Qxd7 24.Nc5 Qd6 25.Qe2 e5 26.Qf2 e4 27.Ba2 f5 28.Qg2 Kh8 29.h3 
g5 30.Kh1 gxf4 31.exf4 fxg4 32.hxg4 Rxf4 33.Qh2 Rbf8 34.Rg1 Nc6 35.Rad1 
Kg7 36.g5 h5 37.Rd2 Nxd4 38.Rxd4 Qxc5 39.Qb2 Kg6 40.Rd2 d4 41.Bb1 d3 0-1

[Event "48th Bosna it"]
[Site "Sarajevo BIH"]
[Date "2018.05.06"]
[Round "3.13"]
[White "Kurajica, Bojan"]
[Black "Doric, Nenad"]
[Result "1-0"]
[WhiteElo "2516"]
[BlackElo "2250"]
[EventDate "2018.05.05"]
[PlyCount "77"]

1.Nf3 d5 2.c4 e6 3.g3 Nf6 4.Bg2 Be7 5.O-O O-O 6.b3 c5 7.cxd5 exd5 8.d4 Nc6
9.Bb2 Bg4 10.dxc5 Bxc5 11.Nc3 Re8 12.Rc1 Bf8 13.h3 Bh5 14.e3 Qa5 15.g4 Bg6
16.a3 Rad8 17.b4 Qb6 18.Na4 Qb5 19.Re1 Qd3 20.Nc5 Bxc5 21.Rxc5 Qxd1 22.
Rxd1 Be4 23.Bxf6 gxf6 24.Nd4 Bxg2 25.Kxg2 Ne7 26.Rc7 a5 27.bxa5 Ra8 28.Nb3
Ra7 29.Rdc1 Kf8 30.Rd7 Ra6 31.Rxb7 Nc8 32.Rd7 Rd6 33.Rcc7 Rxd7 34.Rxd7 Ne7
35.a6 Ra8 36.Nc5 Ke8 37.Rd6 Rc8 38.a7 Ra8 39.Rb6 1-0

[Event "48th Bosna it"]
[Site "Sarajevo BIH"]
[Date "2018.05.06"]
[Round "3.14"]
[White "Cvitan, Ognjen"]
[Black "Medancic, Rikard"]
[Result "1-0"]
[WhiteElo "2487"]
[BlackElo "2164"]
[EventDate "2018.05.05"]
[PlyCount "51"]

1.d4 Nf6 2.c4 e6 3.Nf3 b6 4.g3 Ba6 5.b3 c6 6.Bg2 Bb4+ 7.Bd2 Be7 8.Bc3 d5 
9.Ne5 Bb7 10.Nd2 Nbd7 11.O-O O-O 12.e3 Rc8 13.Qe2 Rc7 14.Rad1 Qc8 15.f4 c5
16.e4 dxe4 17.Nxe4 Nxe4 18.Bxe4 Bxe4 19.Qxe4 Nf6 20.Qf3 cxd4 21.Bxd4 Nd7 
22.Kg2 Rd8 23.Ng4 Qb7 24.f5 Qxf3+ 25.Kxf3 exf5 26.Ne3 1-0

[Event "48th Bosna it"]
[Site "Sarajevo BIH"]
[Date "2018.05.06"]
[Round "3.15"]
[White "Strinic, Halid"]
[Black "Blagojevic, Dragisa"]
[Result "0-1"]
[WhiteElo "2133"]
[BlackElo "2483"]
[EventDate "2018.05.05"]
[PlyCount "104"]

1.e4 e5 2.Nf3 Nc6 3.Bc4 Bc5 4.O-O Nf6 5.d3 O-O 6.Nc3 h6 7.a3 a6 8.h3 d6 9.
Be3 Bxe3 10.fxe3 Ne7 11.Nh4 Nh7 12.Qh5 Be6 13.Bxe6 fxe6 14.Qg4 Qd7 15.Nd5 
Nxd5 16.exd5 Nf6 17.Qxe6+ Qxe6 18.dxe6 Rfe8 19.e4 Rxe6 20.g4 h5 21.g5 Nh7 
22.Nf3 Rf8 23.Kg2 Rf7 24.Kg3 g6 25.h4 Ree7 26.Ng1 Nf8 27.Ne2 Ne6 28.Kg2 
Kf8 29.Rxf7+ Rxf7 30.Rf1 Rxf1 31.Kxf1 Ke7 32.Kf2 c6 33.Ke3 d5 34.c3 Kd6 
35.b4 Ng7 36.Ng1 dxe4 37.Kxe4 Nf5 38.Nf3 Ng3+ 39.Ke3 Ke6 40.d4 exd4+ 41.
Nxd4+ Kd5 42.Kf3 Ne4 43.Ne2 Ke5 44.Ke3 Nd6 45.Nd4 Nc4+ 46.Kd3 Nxa3 47.c4 
Kf4 48.Ne6+ Kg4 49.Nf8 Kxh4 50.Nxg6+ Kxg5 51.Ne5 h4 52.Kd4 h3 0-1

[Event "48th Bosna it"]
[Site "Sarajevo BIH"]
[Date "2018.05.06"]
[Round "3.16"]
[White "Sadikhov, Ulvi"]
[Black "Kersic, Matej"]
[Result "1-0"]
[WhiteElo "2473"]
[BlackElo "2109"]
[EventDate "2018.05.05"]
[PlyCount "67"]

1.e4 c5 2.Nf3 d6 3.d4 cxd4 4.Nxd4 Nf6 5.Nc3 a6 6.h3 g6 7.g3 Bg7 8.Bg2 Bd7 
9.Be3 Nc6 10.Nde2 Rc8 11.O-O Ne5 12.b3 Bc6 13.Nd5 Ned7 14.Bd4 O-O 15.Qd2 
e6 16.Nxf6+ Nxf6 17.Qe3 d5 18.e5 Nd7 19.a4 Qc7 20.f4 Rce8 21.Rfe1 h5 22.
Rad1 b6 23.Bb2 Bb7 24.Ba3 Nc5 25.Nd4 Rc8 26.g4 hxg4 27.hxg4 Rfe8 28.Qh3 g5
29.Nf3 gxf4 30.Ng5 d4 31.Bxb7 Qxb7 32.Rxd4 Qe7 33.Qh7+ Kf8 34.Qh5 1-0

[Event "48th Bosna it"]
[Site "Sarajevo BIH"]
[Date "2018.05.06"]
[Round "3.17"]
[White "Sesar, Ivan"]
[Black "Dizdarevic, Emir"]
[Result "0-1"]
[WhiteElo "2122"]
[BlackElo "2458"]
[EventDate "2018.05.05"]
[PlyCount "44"]

1.d4 Nf6 2.Nf3 b6 3.g3 Bb7 4.Bg2 c5 5.c4 cxd4 6.O-O Bxf3 7.Bxf3 Nc6 8.Qa4 
Rc8 9.Na3 e5 10.e3 Bxa3 11.Qxa3 Qe7 12.Qa6 O-O 13.exd4 Nxd4 14.Bg2 Ne2+ 
15.Kh1 Nxc1 16.Raxc1 Rc7 17.Rcd1 Qb4 18.b3 e4 19.h3 Re8 20.Rfe1 Re5 21.c5 
Qxc5 22.g4 Qxf2 0-1

[Event "48th Bosna it"]
[Site "Sarajevo BIH"]
[Date "2018.05.06"]
[Round "3.18"]
[White "Runic, Zoran"]
[Black "Petrovic, Marija"]
[Result "1-0"]
[WhiteElo "2408"]
[BlackElo "2083"]
[EventDate "2018.05.05"]
[PlyCount "85"]

1.e4 e5 2.Nf3 Qe7 3.Bc4 d6 4.d4 h6 5.Nc3 c6 6.a4 Nf6 7.O-O Bg4 8.b3 exd4 
9.Qxd4 Bxf3 10.gxf3 Qe5 11.Qe3 Nbd7 12.f4 Qc5 13.Ba3 Qxe3 14.fxe3 Nxe4 15.
Nxe4 d5 16.Bxf8 Kxf8 17.Bxd5 cxd5 18.Nc3 Nf6 19.Rad1 Rc8 20.Nxd5 Rxc2 21.
Rc1 Rc6 22.Rxc6 bxc6 23.Nb4 Ke7 24.Nxc6+ Kd6 25.Nxa7 Kc5 26.Rc1+ Kb4 27.
Nc6+ Kxb3 28.a5 Ra8 29.Kg2 Ra6 30.Kf3 g5 31.e4 gxf4 32.Kxf4 Nd7 33.e5 Ka4 
34.Ke4 Nf8 35.Kd5 Ne6 36.Rc4+ Ka3 37.Rc1 Ra8 38.Rf1 Rf8 39.a6 Nc7+ 40.Kd6 
Nb5+ 41.Kc5 Nc7 42.a7 Kb2 43.Kb6 1-0